=LDR 00000nam 2200000 4500 =001 INLIS000000000012306 =005 20130612103834 =008 ***********************************Ind** =035 ##$$0010-061300000012306 =041 ##$$a Ind =082 ##$$a 658.81 =090 ##$$a 658.81, All m =100 ##$$a Allen, Peter =245 ##$$a Menjeral yang berhasil, Peter Allen ; alih bahasa F.X Budiyanto =260 ##$$a 1991 $b Jakarta =300 ##$$a 214 hlm., Ilus, 21 cm =650 ##$$a Manajemen penjualan =700 ##$$a Budiyanto, F.X =850 ##$$a NBPNMAT